IBM PC assembly language and programming (Record no. 166446)

MARC details
000 -LEADER
fixed length control field 00406nam a2200157Ia 4500
008 - FIXED-LENGTH DATA ELEMENTS--GENERAL INFORMATION
fixed length control field 231217s9999 xx 000 0 und d
041 ## - LANGUAGE CODE
Language code of text/sound track or separate title English
082 ## - DEWEY DECIMAL CLASSIFICATION NUMBER
Classification number 001.6424ASS ABE;1 `R'
100 ## - MAIN ENTRY--PERSONAL NAME
Personal name Abel, Peter
245 #0 - TITLE STATEMENT
Title IBM PC assembly language and programming
250 ## - EDITION STATEMENT
Edition statement 3rd ed.
260 ## - PUBLICATION, DISTRIBUTION, ETC.
Date of publication, distribution, etc. 1995
Name of publisher, distributor, etc. New Delhi : PHI,
300 ## - PHYSICAL DESCRIPTION
Extent xvi+592
650 ## - SUBJECT ADDED ENTRY--TOPICAL TERM
Topical term or geographic name entry element IBM PC Assembly language
942 ## - ADDED ENTRY ELEMENTS (KOHA)
Koha item type Books
Holdings
Date last seen Total checkouts Full call number Accession number Cost, total (INR) price Price effective from Category Lost status Damaged status Department Withdrawn status Home library Current library Shelving location Entry date Vendor Cost, normal purchase price Grants Billnumber Billdate Currency symbol Conversion rate Discount Old discount Public note
26/01/2024   001.6424ASS ABE;1 `R' 13325 148.75 26/01/2024 Books     Central Library   Central Library Central Library Library Annex 08/09/1999 Mega Books 175.00 MCA 5898 12/08/2001 RS 1 26.25 15  
26/01/2024   001.6424ASS ABE;3 20474 165.75 26/01/2024 Books     Central Library   Central Library Central Library SC-ST 28/05/2002 Sapna Book House 195.00 SC-ST 12046 30/09/2004 RS 1 29.25 15 SC ST (1157)

© For any Suggestions or Query, please contact the library staff @ librarian@pes.edu or Phone: +9180 2672 1983/ 2108.